000 01003nam a2200277 i 4500
003 DO-SdBNP
005 20250303144235.0
006 a||||er|||| 00| 0
007 ta
008 230522t2018 ||| |||er|||| 000 fdspa d
020 _a9789945085358
040 _aDO-SdBNP
_bspa
_cBNPHU
_erda
082 4 _axxx
_bM313c, 2018
_222
245 1 0 _aCinco bailadores sobre la tumba caliente del licenciado :
_bnovela /
_cRoberto Marcallé Abreu
250 _a2da. edición
264 4 _a[Santo Domingo] :
_bMinisterio de Educación,
_bBiblioteca Roberto Marcallé Abreu,
_c2018.
300 _a127 páginas ;
_c22 cm.
336 _atexto
_btxt
_2rdaconten
337 _asin medición
_bn
_2rdamedia
338 _avolumen
_bnc
_2rdacarrier
500 _aIncluye datos biográficos del autor en la solapa de las cubierta
586 _aPremio Nacional de Literatura 2018, Premio Novela
590 _aInventariado 2023 / MF
710 1 _aRepública Dominicana
_bMinisterio de Educación
_972019
942 _2ddc
_cLBS1
999 _c53583
_d53583